000 00251 a2200097 4500
020 _a9687676000
041 _aspa
100 _aPrimer foro regional
245 _aanalisis de la situacion de los niǫs indigenas y niǫs jornaleros agricolas
942 _cBK
999 _c9005
_d9005